000 00286nam a2200109Ia 4500
008 171211s9999 xx 000 0 und d
245 4 _aThe Golden Guide to Guns
245 _cLarry Koller
260 _c1961
650 _xMilitary
856 _uhttp://down.ebook777.com/020/B00K7UZP8A.pdf
999 _c348327
_d348327